00452nam a2200181Ia 4500003000400000005001700004008004100021020002200062040000700084041000800091082002400099100003600123245002300159260003700182300001200219365001300231650002600244OSt20230501114826.0210423s1994    xx            000 0 und d  a978-0-671-75915-5  cAL  aeng  a332.6322 223bLYNB  aLYNCH (Peter); ROTHCHILD (John)  aBeating the street  aNew YorkbSimon & Schusterc1994  a332bPB  b550cINR  aInvestment Management